000
00311cam a2200121ua 4500
082
_a
823.301
_b
OXF/EN
100
_a
Oxford University Press, .
_9
1963
245
0
0
_a
English Short Stories of Today /
250
_a
1 /
260
_a
Lendon :
_b
Oxford University Press ,
_c
1960.
300
_a
254 ; .
942
_c
BK
999
_c
2811
_d
2811